000 01249cam a2200301 a 4500
001 175
003 BR-CuiBMT
005 20231202045735.0
008 230824s2021 mgba 000 0 por d
020 _a9786555182828
040 _aBR-CuiBMT
_cBR-CuiBMT
080 _22007
_a35:616-036.21
090 _a35:616-036.21
_bT822
245 0 3 _aOs tribunais de contas, a pandemia e o futuro do controle /
_cEdilberto Carlos Pontes Lima, coordenador ; prefácio Ivan Lelis Bonilha ; [autores: Adircélio de Moraes Ferreira Júnior et al.].
260 _aBelo Horizonte :
_bFórum,
_c2021.
300 _a534 p. :
_bil. ;
_c24 cm +
_e1 folheto
490 1 _aColeção Fórum IRB ;
_vv. 4
500 _aVários autores.
504 _aInclui bibliografia.
650 _aTribunais de contas
_xPolíticas de saúde
_zBrasil
650 _aSaúde pública
_xAspectos legais
_zBrasil
650 _aPandemia
_zBrasil
700 1 _aLima, Edilberto Carlos Pontes
_4coord.
700 1 _aFerreira Júnior, Adircélio de Moraes
_eet al.
_eautores
830 0 _aFórum IRB ;
_v4
856 4 _uhttps://irbcontas.org.br/wp-content/uploads/2021/11/os-tribunais-de-contas_a-pandemia-e-o-futuro-do-controle-final.pdf
_yDisponível também online.
_902/12/2023
942 _2udc
_cLV
999 _c175
_d175